Význam marketingového výskumu v manažérstve kvality = The meaning of the marketing research in the management of quality : Bakalárska práca

Gespeichert in:
Bibliographische Detailangaben
1. Verfasser: Španková, Daniela (Verfasst von)
Weitere Verfasser: Šalgovičová, Jarmila, 1950- (xxx)
Format: Manuskript Buch
Sprache:Slowakisch
Veröffentlicht: Trnava : STU v Bratislave MtF KIK, 2006
Schlagworte:
Tags: Tag hinzufügen
Keine Tags, Fügen Sie das erste Tag hinzu!

MARC

LEADER 00000ntm a22000003a 4500
001 stu130054
005 20160719155615.7
008 061121s2006----xo------------------slo-d
040 |a STU  |b slo 
041 0 |a slo 
044 |a xo 
100 1 |a Španková, Daniela  |4 aut 
245 1 |a Význam marketingového výskumu v manažérstve kvality = The meaning of the marketing research in the management of quality :  |b Bakalárska práca 
260 |a Trnava :  |b STU v Bratislave MtF KIK,  |c 2006 
300 |a 61 s  |c príl., 1 CD-ROM 
650 7 |a inžinierstvo kvality produkcie  |2 stusub 
650 7 |a marketingový výskum  |2 stusub 
650 7 |a manažérstvo kvality  |2 stusub 
700 1 |a Šalgovičová, Jarmila,  |d 1950-  |4 xxx  |u M4000  |U MTF Materiálovotechnologická fakulta  |T MTF Ústav priemyselného inžinierstva a manažmentu  |X 1492  |U M4000  |Y 84  |7 A000001492 
996 |b 284M074950  |c M*BP-2187  |l MMSKP  |s P  |a 0  |w stu130054_0001